000 00360nam a2200133Ia 4500
008 240123s9999 xx 000 0 und d
020 _a9780753555200
082 _a658.11
_bTHI-Z
100 _aThiel, Peter
245 0 _aZero to one :Notes on Startups, or How to Build the Future
260 _bVirgin Books,,
_a London
_c2014
300 _a210p,
942 _cBK
999 _c32029
_d32029